000 01283cad a22002535a 4500
001 E149254
008 100211s2010 xxk f l s000 0 eng d
035 _a(Sirsi) u149254
041 0 _aeng
110 2 _aScotland
_kLaws, etc
245 0 4 _aThe Town and Country Planning (General Permitted Development) (Domestic Microgeneration) (Scotland) Amendment Order 2010
_h[electronic resource]
260 _aEdinburgh
_bScottish Government
_c2010
490 0 _aScottish Statutory Instrument
_v2010: 27
520 _aAmends the Town and Country Planning (General Permitted Development) (Scotland) Order 1992 by extending permitted development rights to free standing wind turbines and air source heat pumps.
520 _aComes into force 8 March 2010.
521 _aAdvanced
590 _aKA
650 2 4 _aTOWN AND COUNTRY PLANNING (GENERAL PERMITTED DEVELOPMENT) (DOMESTIC MICROGENERATION) (SCOTLAND) AMENDMENT ORDER 2010
650 2 4 _aTOWN AND COUNTRY PLANNING (GENERAL PERMITTED DEVELOPMENT) (SCOTLAND) ORDER 1992
651 4 _aScotland
_y1999-
690 _aPlanning and development
_96259
856 4 0 _uhttps://www.opsi.gov.uk/legislation/scotland/ssi2010/pdf/ssi_20100027_en.pdf
_zView the statutory instrument free of charge (pdf file) at www.opsi.gov.uk...
942 _n0
999 _c110442
_d110442